Diálogo nacional : (Record no. 1143)
[ view plain ]
| 000 -LEADER | |
|---|---|
| campo de control de longitud fija | 00984cam a2200241 4500 |
| 001 - NÚMERO DE CONTROL | |
| campo de control | 15556 |
| 005 - FECHA Y HORA DE LA ÚLTIMA TRANSACCIÓN | |
| campo de control | 20230404125621.0 |
| 008 - DATOS DE LONGITUD FIJA--INFORMACIÓN GENERAL | |
| campo de control de longitud fija | 060907n1997 bo spa |
| 035 ## - NÚMERO DE CONTROL DEL SISTEMA | |
| -- | funglode15686 |
| 041 ## - CÓDIGO DE IDIOMA | |
| Código de lengua del texto/banda sonora o título independiente | spa |
| 050 14 - SIGNATURA TOPOGRÁFICA DE LA BIBLIOTECA DEL CONGRESO | |
| Número de clasificación | CD F 00405 |
| 110 2# - ENTRADA PRINCIPAL--NOMBRE DE ENTIDAD CORPORATIVA | |
| Nombre de entidad corporativa o nombre de jurisdicción como elemento de entrada | Bolivia. Ministerio de Hacienda. |
| 245 0# - MENCIÓN DEL TÍTULO | |
| Título | Diálogo nacional : |
| Resto del título | Bolivia hacia el siglo XXI |
| 260 ## - PUBLICACIÓN, DISTRIBUCIÓN, ETC. | |
| Lugar de publicación, distribución, etc. | La Paz : |
| Nombre del editor, distribuidor, etc. | [s. n.], |
| Fecha de publicación, distribución, etc. | 1997 |
| 300 ## - DESCRIPCIÓN FÍSICA | |
| Extensión | 51 p. |
| 500 ## - NOTA GENERAL | |
| Nota general | Informe y conclusiones |
| 520 ## - RESUMEN, ETC. | |
| Sumario, etc. | Durante todo este proceso de cambios, Bolivia ha contado con el decidido apoyo y participacion directa de la cooperacion internacional. El severo ajuste de la economia que fue necesario realizar para garantizar la estabilidad, minimizo las posibilidades de generacion de ahorro interno que le permitiesen al Estado implementar sus politicas de desarrollo (AU). |
| 650 #4 - PUNTO DE ACCESO ADICIONAL DE MATERIA--TÉRMINO DE MATERIA | |
| Término de materia o nombre geográfico como elemento de entrada | HUMANO. |
| 650 17 - PUNTO DE ACCESO ADICIONAL DE MATERIA--TÉRMINO DE MATERIA | |
| Término de materia o nombre geográfico como elemento de entrada | Desarrollo economico. |
| Fuente del encabezamiento o término | dcs |
| 650 17 - PUNTO DE ACCESO ADICIONAL DE MATERIA--TÉRMINO DE MATERIA | |
| Término de materia o nombre geográfico como elemento de entrada | Desarrollo humano. |
| Fuente del encabezamiento o término | dcs |
| 650 27 - PUNTO DE ACCESO ADICIONAL DE MATERIA--TÉRMINO DE MATERIA | |
| Término de materia o nombre geográfico como elemento de entrada | Politica. |
| Fuente del encabezamiento o término | dcs |
| 942 ## - ELEMENTOS DE ENTRADA SECUNDARIOS (KOHA) | |
| Fuente del sistema de clasificación o colocación | Clasificación de Library of Congress |
| Tipo de ítem Koha | |
| Estatus retirado | Estado de pérdida | Fuente del sistema de clasificación o colocación | Estado de daño | No para préstamo | Colección | Biblioteca de origen | Biblioteca actual | Ubicación en estantería | Fecha de adquisición | Serial enumeration / chronology | Total checkouts | Signatura topográfica completa | Código de barras | Visto por última vez | Copia número | Precio de reemplazo | Tipo de ítem Koha |
|---|---|---|---|---|---|---|---|---|---|---|---|---|---|---|---|---|---|
| Clasificación de Library of Congress | Referencia | Biblioteca Juan Bosch | Biblioteca Juan Bosch | Colección Documental (Referencia, 1er. Piso) | 23/10/2018 | 1 | CD F 00405 | 00000005118 | 23/10/2018 | 1 | 23/10/2018 |
